[Event "Ruhrgebiet Verbandsklasse Gruppe 1 1718"]
[Site "Germany"]
[Date "2018.02.04"]
[Round "6.7"]
[White "Olf, Hans Helmut"]
[Black "Seppelfricke, Guido"]
[Result "1-0"]
[WhiteElo "1991"]
[BlackElo "1828"]
[PlyCount "145"]
[EventDate "2017.09.17"]
[EventType "team-tourn"]
[EventRounds "9"]
[EventCountry "GER"]
[SourceTitle "EXT 2022"]
[Source "ChessBase"]
[SourceDate "2021.10.06"]
[SourceVersion "1"]
[SourceVersionDate "2021.10.06"]
[SourceQuality "1"]
[WhiteTeam "Welper SV II"]
[BlackTeam "Buer SF"]
[WhiteTeamCountry "GER"]
[BlackTeamCountry "GER"]

1. Nf3 c5 2. c4 Nc6 3. g3 d6 4. Bg2 g6 5. 0-0 Bg7 6. Nc3 Nf6 7. d3 0-0 8. Rb1 e5 9. e4 Bg4 10. h3 Bd7 11. a3 Qc8 12. Kh2 Nd4 13. b4 Ne6 14. Nd5 Nxd5 15. cxd5 Nd8 16. Be3 cxb4 17. Rxb4 b5 18. Qd2 a5 19. Rbb1 f5 20. Rfc1 Qb7 21. d4 Nf7 22. dxe5 fxe4 23. Ng5 Nxg5 24. Bxg5 Bxe5 25. Bxe4 Rae8 26. Bg2 Qb6 27. Be3 Qd8 28. f4 Bg7 29. Bf1 Qb8 30. Bxb5 Bxb5 31. a4 Bxa4 32. Rxb8 Rxb8 33. Qxa5 Rb2+ 34. Kg1 Bb3 35. Rc7 Rb1+ 36. Kf2 Re8 37. Qd2 Ra8 38. Ba7 Bf6 39. Qd3 Rb2+ 40. Kf1 Ba4 41. Qe4 Bb5+ 42. Kg1 Re8 43. Rc8 Rxc8 44. Qe6+ Kg7 45. Qxc8 Rb1+ 46. Kf2 Rb2+ 47. Ke1 Rb1+ 48. Kd2 Rb2+ 49. Kc1 Ba4 50. Bb8 Rc2+ 51. Qxc2 Bxc2 52. Kxc2 Be7 53. Kd3 Kf6 54. Ke4 h6 55. g4 Kf7 56. Bc7 Bf8 57. Bd8 Bg7 58. Bb6 Bf6 59. Bd4 Bd8 60. f5 g5 61. Kd3 Be7 62. Kc4 Bf8 63. Kb5 Ke7 64. Kc6 h5 65. Bb6 hxg4 66. hxg4 Bg7 67. Be3 Bh6 68. Kc7 Kf6 69. Kxd6 Bf8+ 70. Kc6 Be7 71. d6 Bd8 72. Kd7 Ba5 73. Ke8 1-0

[Event "Ruhrgebiet Regionalliga 0910"]
[Site "Germany"]
[Date "2010.02.21"]
[Round "7.8"]
[White "Olf, Hans Helmut"]
[Black "Hoffmann, Alexander1111"]
[Result "0-1"]
[WhiteElo "2036"]
[BlackElo "2120"]
[PlyCount "52"]
[EventDate "2009.09.06"]
[EventType "team-tourn"]
[EventRounds "9"]
[EventCountry "GER"]
[SourceTitle "EXT 2011"]
[Source "ChessBase"]
[SourceDate "2010.11.26"]
[SourceVersion "1"]
[SourceVersionDate "2010.11.26"]
[SourceQuality "1"]
[WhiteTeam "Welper SV"]
[BlackTeam "Dortmund Hansa III"]
[WhiteTeamCountry "GER"]
[BlackTeamCountry "GER"]

1. d4 d5 2. Nf3 Nf6 3. Bf4 g6 4. e3 Bg7 5. Bd3 0-0 6. Nbd2 Bg4 7. c3 c6 8. Qc2 Nbd7 9. Ne5 c5 10. f3 Be6 11. g4 c4 12. Be2 Ne8 13. e4 Nxe5 14. dxe5 Qc7 15. 0-0 Bxe5 16. Bxe5 Qxe5 17. f4 Qd6 18. f5 Bd7 19. Kh1 Bc6 20. Bf3 Nf6 21. exd5 Bxd5 22. g5 Ng4 23. Nxc4 Bxc4 24. Bxg4 Bxf1 25. Rxf1 Rad8 26. fxg6 hxg6 0-1

[Event "Ruhrgebiet Regionalliga 0910"]
[Site "Germany"]
[Date "2010.02.07"]
[Round "6.7"]
[White "Olf, Hans Helmut"]
[Black "Kindermann, Carsten"]
[Result "1-0"]
[WhiteElo "2036"]
[BlackElo "1980"]
[PlyCount "97"]
[EventDate "2009.09.06"]
[EventType "team-tourn"]
[EventRounds "9"]
[EventCountry "GER"]
[SourceTitle "EXT 2011"]
[Source "ChessBase"]
[SourceDate "2010.11.26"]
[SourceVersion "1"]
[SourceVersionDate "2010.11.26"]
[SourceQuality "1"]
[WhiteTeam "Welper SV"]
[BlackTeam "Borbeck Weisse Dame"]
[WhiteTeamCountry "GER"]
[BlackTeamCountry "GER"]

1. d4 d5 2. Nf3 Nf6 3. Bf4 c6 4. e3 Bg4 5. Nbd2 e6 6. c4 Bd6 7. Bg3 Bb4 8. a3 Bxf3 9. gxf3 Be7 10. Bd3 Nbd7 11. Qc2 h6 12. c5 Nh5 13. f4 Nxg3 14. hxg3 f5 15. Nf3 0-0 16. Ke2 b6 17. b4 a5 18. Rag1 axb4 19. axb4 bxc5 20. bxc5 Qa5 21. g4 Qa2 22. gxf5 exf5 23. Nd2 Qxc2 24. Bxc2 Rf6 25. Ra1 Rd8 26. Rh5 g6 27. Rxh6 Bf8 28. Rh2 Bg7 29. Rg2 Nf8 30. Nf3 Rf7 31. Ra6 Rc8 32. Ba4 Rfc7 33. Rg1 Kf7 34. Rb1 Nd7 35. Kd3 Ke7 36. Ne5 Bxe5 37. fxe5 Nf8 38. f3 Ne6 39. Rh1 Nf8 40. Rh8 Kf7 41. e4 dxe4+ 42. fxe4 f4 43. Bb3+ Kg7 44. Rg8+ Kh6 45. Ra1 Rb8 46. Rh1+ Kg5 47. Bd1 f3 48. Ke3 f2 49. Rh5# 1-0

[Event "Ruhrgebiet Regionalliga 0910"]
[Site "Germany"]
[Date "2010.01.18"]
[Round "5.8"]
[White "Olf, Hans Helmut"]
[Black "Steinmetzer, Thomas"]
[Result "1/2-1/2"]
[WhiteElo "2036"]
[BlackElo "2069"]
[PlyCount "50"]
[EventDate "2009.09.06"]
[EventType "team-tourn"]
[EventRounds "9"]
[EventCountry "GER"]
[SourceTitle "EXT 2011"]
[Source "ChessBase"]
[SourceDate "2010.11.26"]
[SourceVersion "1"]
[SourceVersionDate "2010.11.26"]
[SourceQuality "1"]
[WhiteTeam "Welper SV"]
[BlackTeam "Brackel"]
[WhiteTeamCountry "GER"]
[BlackTeamCountry "GER"]

1. c4 e6 2. Nf3 Nf6 3. Nc3 d5 4. cxd5 exd5 5. d4 Be7 6. Bf4 c6 7. e3 Nbd7 8. Bd3 Nf8 9. Qc2 Nh5 10. Bg3 Be6 11. a3 Nxg3 12. hxg3 g6 13. Na4 Bf6 14. Nc5 Qc7 15. b4 b6 16. Nxe6 Nxe6 17. Rc1 c5 18. bxc5 bxc5 19. Qa4+ Kf8 20. dxc5 Nxc5 21. Ke2 Kg7 22. Qf4 Qxf4 23. gxf4 Nxd3 24. Kxd3 Bb2 25. Rc7 Rhc8 1/2-1/2

[Event "Ruhrgebiet VL2 0708"]
[Site "Germany"]
[Date "2008.02.17"]
[Round "6.5"]
[White "Gohla, Ulf"]
[Black "Olf, Hans Helmut"]
[Result "1/2-1/2"]
[WhiteElo "2122"]
[BlackElo "2017"]
[PlyCount "69"]
[EventDate "2007.09.02"]
[EventType "team"]
[EventRounds "9"]
[EventCountry "GER"]
[SourceTitle "EXT 2009"]
[Source "ChessBase"]
[SourceDate "2008.11.26"]
[SourceVersion "1"]
[SourceVersionDate "2008.11.26"]
[SourceQuality "1"]
[WhiteTeam "Wattenscheid III"]
[BlackTeam "Welper SV"]
[WhiteTeamCountry "GER"]
[BlackTeamCountry "GER"]

1. d4 e6 2. c4 f5 3. Nc3 Nf6 4. Nf3 Be7 5. h3 d5 6. Bf4 c6 7. e3 Ne4 8. Qc2 Nd7 9. Ne5 Nxe5 10. Bxe5 Bf6 11. Bd3 Bxe5 12. dxe5 Qa5 13. Qa4 Qc7 14. cxd5 Nxc3 15. bxc3 exd5 16. f4 Be6 17. Rb1 b5 18. Qb4 a6 19. Qc5 Rc8 20. 0-0 Kf7 21. Rb2 Qe7 22. Qxe7+ Kxe7 23. a3 h6 24. Kh2 h5 25. h4 g6 26. Kg1 Rc7 27. Be2 Rb8 28. Kf2 Rcb7 29. Rfb1 Bc8 30. Ke1 Kd8 31. Kd2 Kc7 32. Kd3 Be6 33. Kd4 Kb6 34. Kd3 Kc7 35. Kd4 1/2-1/2

[Event "Ruhrgebiet VL2 0708"]
[Site "Germany"]
[Date "2007.12.09"]
[Round "4.6"]
[White "Olf, Hans Helmut"]
[Black "Prass, Marian"]
[Result "1-0"]
[WhiteElo "2017"]
[BlackElo "1926"]
[PlyCount "67"]
[EventDate "2007.09.02"]
[EventType "team"]
[EventRounds "9"]
[EventCountry "GER"]
[SourceTitle "EXT 2009"]
[Source "ChessBase"]
[SourceDate "2008.11.26"]
[SourceVersion "1"]
[SourceVersionDate "2008.11.26"]
[SourceQuality "1"]
[WhiteTeam "Welper SV"]
[BlackTeam "Altenessen "]
[WhiteTeamCountry "GER"]
[BlackTeamCountry "GER"]

1. Nf3 Nf6 2. c4 c5 3. Nc3 g6 4. g3 Bg7 5. Bg2 0-0 6. 0-0 Nc6 7. d4 cxd4 8. Nxd4 Qb6 9. Be3 Qa5 10. Nd5 Nxd5 11. cxd5 Ne5 12. Bd2 Qb6 13. Bc3 f5 14. Rc1 g5 15. Qc2 Qg6 16. d6 e6 17. Rfd1 a6 18. Nxe6 dxe6 19. Bxe5 Bxe5 20. d7 Bxd7 21. Rxd7 Rf7 22. Rxb7 Rxb7 23. Bxb7 Rb8 24. b3 a5 25. Qc6 f4 26. Bc8 fxg3 27. hxg3 Kg7 28. Bxe6 Rf8 29. e4 Rf6 30. Qd7+ Kh6 31. Bf5 Qg8 32. Kg2 g4 33. Rh1+ Kg5 34. Qd2+ 1-0

[Event "Ruhrgebiet VK2 0405"]
[Site "Ruhrgebiet"]
[Date "2005.04.10"]
[Round "9.3"]
[White "Menkowski, Patrick"]
[Black "Olf, Hans Helmut"]
[Result "1/2-1/2"]
[WhiteElo "1800"]
[BlackElo "2037"]
[PlyCount "24"]
[EventDate "2004.09.12"]
[EventType "team"]
[EventRounds "9"]
[EventCountry "GER"]
[SourceTitle "EXT 2006"]
[Source "ChessBase"]
[SourceDate "2005.11.24"]
[SourceVersion "1"]
[SourceVersionDate "2005.11.24"]
[SourceQuality "1"]
[WhiteTeam "Berghofen Wambel II"]
[BlackTeam "Welper SV"]
[WhiteTeamCountry "GER"]
[BlackTeamCountry "GER"]

1. b3 e6 2. Bb2 Nf6 3. e3 d5 4. d4 c5 5. Nf3 Nc6 6. Bd3 cxd4 7. exd4 Bd6 8. 0-0 0-0 9. c4 b6 10. Nc3 Ba6 11. a3 Rc8 12. Na4 Na5 1/2-1/2

[Event "Ruhrgebiet VK2 0405"]
[Site "Ruhrgebiet"]
[Date "2005.03.13"]
[Round "8.3"]
[White "Olf, Hans Helmut"]
[Black "Buschmann, Andreas"]
[Result "0-1"]
[WhiteElo "2037"]
[BlackElo "1973"]
[PlyCount "84"]
[EventDate "2004.09.12"]
[EventType "team"]
[EventRounds "9"]
[EventCountry "GER"]
[SourceTitle "EXT 2006"]
[Source "ChessBase"]
[SourceDate "2005.11.24"]
[SourceVersion "1"]
[SourceVersionDate "2005.11.24"]
[SourceQuality "1"]
[WhiteTeam "Welper SV"]
[BlackTeam "Horst II"]
[WhiteTeamCountry "GER"]
[BlackTeamCountry "GER"]

1. e4 c5 2. Nc3 d6 3. f4 Nc6 4. Nf3 g6 5. Bc4 Bg7 6. 0-0 e6 7. f5 exf5 8. exf5 Bxf5 9. d3 Nge7 10. Nh4 Be6 11. Bxe6 fxe6 12. Qg4 Qd7 13. Bg5 0-0-0 14. Rae1 Rdf8 15. Nf3 Nf5 16. Qa4 h6 17. Bf4 g5 18. Bd2 Rhg8 19. Kh1 g4 20. Ng1 d5 21. Nce2 Bxb2 22. c3 d4 23. Qb3 dxc3 24. Nxc3 Bxc3 25. Bxc3 Nfd4 26. Qb2 h5 27. Ne2 h4 28. Bxd4 Nxd4 29. Nc3 h3 30. Ne4 Qd5 31. Rc1 b6 32. a4 hxg2+ 33. Qxg2 Nf3 34. Qg3 Kb7 35. a5 Nd2 36. axb6 axb6 37. Rxf8 Rxf8 38. Qxg4 Rd8 39. h4 Qxd3 40. Nf2 Qf3+ 41. Qg2 Rh8 42. Kg1 Qxg2+ 0-1

[Event "Ruhrgebiet VK2 0405"]
[Site "Ruhrgebiet"]
[Date "2005.01.30"]
[Round "6.3"]
[White "Olf, Hans Helmut"]
[Black "Vengels, Joachim"]
[Result "1/2-1/2"]
[WhiteElo "2037"]
[BlackElo "1967"]
[PlyCount "85"]
[EventDate "2004.09.12"]
[EventType "team"]
[EventRounds "9"]
[EventCountry "GER"]
[SourceTitle "EXT 2006"]
[Source "ChessBase"]
[SourceDate "2005.11.24"]
[SourceVersion "1"]
[SourceVersionDate "2005.11.24"]
[SourceQuality "1"]
[WhiteTeam "Welper SV"]
[BlackTeam "Hervest Dorsten"]
[WhiteTeamCountry "GER"]
[BlackTeamCountry "GER"]

1. e4 c6 2. d3 d5 3. Nd2 Nf6 4. Ngf3 Bg4 5. h3 Bh5 6. g3 e6 7. Bg2 Bc5 8. 0-0 0-0 9. Qe1 dxe4 10. Nxe4 Nxe4 11. dxe4 Nd7 12. c3 a5 13. Be3 Bxe3 14. Qxe3 Qb6 15. Qxb6 Nxb6 16. g4 Bg6 17. Ne5 Rfd8 18. Rfd1 f6 19. Nxg6 hxg6 20. b3 g5 21. Kf1 Kf7 22. Ke2 Nd7 23. Ke3 e5 24. Bf1 Ke7 25. Rd2 Nf8 26. Rad1 Rxd2 27. Rxd2 Ng6 28. f3 Nf4 29. a3 Rh8 30. Rb2 Kd6 31. a4 Kc7 32. Rd2 Rd8 33. Rxd8 Kxd8 34. Kd2 Kc7 35. Kc2 Kd6 36. b4 b6 37. Kb3 Ng6 38. Kc4 Nh4 39. Be2 Ng2 40. Kb3 Nf4 41. Bf1 Ne6 42. Bc4 Nf4 43. Bf1 1/2-1/2

[Event "Ruhrgebiet VL1 0304"]
[Site "Ruhrgebiet"]
[Date "2003.09.28"]
[Round "1.4"]
[White "Olf, Hans Helmut"]
[Black "Bauch, Ralf"]
[Result "1/2-1/2"]
[WhiteElo "2033"]
[BlackElo "1906"]
[PlyCount "96"]
[EventDate "2003.09.28"]
[EventType "team"]
[EventRounds "9"]
[EventCountry "GER"]
[SourceTitle "EXT 2007"]
[Source "ChessBase"]
[SourceDate "2006.11.23"]
[SourceVersion "1"]
[SourceVersionDate "2006.11.23"]
[SourceQuality "1"]
[WhiteTeam "Welper SV"]
[BlackTeam "Brambauer"]
[WhiteTeamCountry "GER"]
[BlackTeamCountry "GER"]

1. Nf3 c5 2. g3 Nc6 3. c4 Nf6 4. Bg2 d5 5. cxd5 Nxd5 6. Nc3 e5 7. d3 Be7 8. Nd2 Be6 9. 0-0 0-0 10. Nc4 Qd7 11. Ne3 Nb6 12. b3 Rfd8 13. Bb2 f6 14. Nc4 Nd5 15. Ne3 Nc7 16. Re1 Rab8 17. Rc1 Nb4 18. Ba3 b6 19. Bxb4 cxb4 20. Na4 Nd5 21. Qd2 Nxe3 22. Qxe3 Rbc8 23. Rxc8 Rxc8 24. Rc1 Rc7 25. h4 Qc8 26. Rxc7 Qxc7 27. d4 Bf7 28. dxe5 fxe5 29. Nb2 Bc5 30. Qe4 Bd6 31. Nd3 a5 32. Qa8+ Qb8 33. Qc6 Qc7 34. Qa8+ Qb8 35. Qxb8+ Bxb8 36. Bc6 Kf8 37. f3 Ke7 38. e4 Bd6 39. Kf1 h6 40. Ke2 g5 41. hxg5 hxg5 42. Bb5 Kf6 43. Nf2 Be6 44. g4 Bc5 45. Nd1 Bd4 46. Kd3 Ke7 47. Bc4 Bd7 48. Ne3 Bxe3 1/2-1/2

[Event "Ruhrgebiet VL1 0001"]
[Site "Ruhrgebiet"]
[Date "2001.02.18"]
[Round "6"]
[White "Kartsev, Soel"]
[Black "Olf, Hans Helmut"]
[Result "1-0"]
[WhiteElo "2206"]
[BlackElo "2077"]
[PlyCount "53"]
[EventDate "2000.09.17"]
[EventType "team-tourn"]
[EventRounds "9"]
[EventCountry "GER"]
[SourceTitle "EXT 2023"]
[Source "ChessBase"]
[SourceDate "2022.10.05"]
[SourceVersion "1"]
[SourceVersionDate "2022.10.05"]
[SourceQuality "1"]
[WhiteTeam "Brackel II"]
[BlackTeam "Welper SV"]
[WhiteTeamCountry "GER"]
[BlackTeamCountry "GER"]

1. d4 Nf6 2. Bg5 e6 3. e4 Be7 4. Nc3 c5 5. Nf3 cxd4 6. Qxd4 Nc6 7. Qd2 Qa5 8. Bc4 a6 9. Bb3 h6 10. Bf4 e5 11. Bg3 d6 12. 0-0 Qc7 13. Rad1 Bg4 14. Nd5 Nxd5 15. exd5 Bxf3 16. gxf3 Nd4 17. Kg2 h5 18. h4 Nf5 19. f4 Bxh4 20. fxe5 Be7 21. exd6 Bxd6 22. Qg5 Nxg3 23. fxg3 f6 24. Rde1+ Be5 25. Rxf6 0-0-0 26. Qf5+ Kb8 27. Rf7 1-0